000 00420nam a2200157 a 4500
005 20140412111308.0
008 010424s19uu xx 00 eng d
020 _a0-7445-0724-3
050 _aTR(PS E
_bAl5 1987
100 _aOxenbury, Helen
245 _aAll fall down /
_cHelen Oxenbury.
260 _aLondon :
_bWalker Books,
_c1987.
300 _a1v. (unp.) ; ill.
650 _aChildren stories
999 _c103794
_d103794